Usporiadanie spoločnosti podľa Stjepana Tomislava Poglajena Kolakoviča k 100. výročiu narodenia

Bibliographic Details
Main Author: Komorovský, Ján, 1924-2012 (Author)
Format: Article
Language:Slovak
PhysicalDescription:Fotogr.
ISSN:1335-6771
Subjects:

MARC

LEADER 00000nab a2200000 ar4500
001 vtls008870889
003 SK-MaSNL
005 20260303061537.0
008 061026c2006 xo qr|p|||||||000 b|slo
015 |a SNBRB2006/10  |2 snkbucl 
038 |a SNKBUCL 
040 |a SNKBUCL  |b slo  |c SNKBUCL  |e AACR2 
041 0 |a slo 
044 |a xo  |c SK 
080 |a 2-051  |2 UDC-MRF-SK2 
080 |a 929 Kolakovič-Poglajen, Tomislav  |2 UDC-MRF-SK2 
100 1 |a Komorovský, Ján,  |d 1924-2012  |4 aut  |9 16247 
245 1 0 |a Usporiadanie spoločnosti podľa Stjepana Tomislava Poglajena Kolakoviča  |b k 100. výročiu narodenia  |c Ján Komorovský 
300 |b Fotogr. 
600 1 7 |a Kolaković, Tomislav,  |d 1906-1990  |2 snkbucl 
773 0 |t Viera a život  |g Roč. XVI, č. 4 (2006), s. 18-28  |x 1335-6771 
852 |a SNK  |b KIS3GCP 
958 |a BC 
999 |c 1735813  |d 1737743